Acció municipal / Diputació de Barcelona, Servei del Pla d'Obres i Serveis de Cooperació
Descripción Física:
12 p. : il. ; 30 cm
MARC
| LEADER | 00000nam a2200000Ia 4500 | ||
|---|---|---|---|
| 001 | 8072 | ||
| 003 | BGR | ||
| 005 | 20260324180157.0 | ||
| 008 | 160829s198- ?] xx 000 0 cat d | ||
| 080 | |a FU-22-19 | ||
| 245 | |a Acció municipal / Diputació de Barcelona, Servei del Pla d'Obres i Serveis de Cooperació | ||
| 260 | |a Barcelona : |b [el Servei, |c 198- ?] | ||
| 300 | |a 12 p. : |b il. ; |c 30 cm | ||
| 590 | |a Prové de E-148 i de Q-168, exp. 289 | ||
| 610 | 1 | 0 | |a Barcelona (Catalunya : Província). |b Diputació |9 52408 |
| 651 | 0 | |a Barcelona (Catalunya : Província) |x Política econòmica |9 54027 | |
| 710 | 1 | |a Barcelona (Catalunya : Província). |b Diputació |b Servei del Pla d'Obres i Serveis de Cooperació |9 52408 | |
| 901 | |a Arxiu | ||
| 942 | |n 1 |2 udc |c MON | ||
| 952 | |0 0 |1 0 |4 0 |6 FU2219 |7 1 |9 54674 |a Arxiu |b Arxiu |d 2016-12-01 |l 0 |o FU-22-19 |p 8072 |r 2016-12-01 00:00:00 |w 2016-12-01 |y ARXIU | ||
| 999 | |c 58543 |d 58543 | ||